| 000 | 00328nam a22001337a 4500 | ||
|---|---|---|---|
| 020 | _a0-141-31994-1 | ||
| 082 |
_a823 _bCOL/M |
||
| 100 | _aCOLBERT, DAVID | ||
| 245 |
_aTHE MAGICAL WORLDS OF NARNIA _bA TREASURY OF MYTHS AND LEGENDS |
||
| 260 |
_aLONDON _bPENGUIN |
||
| 300 | _a205 | ||
| 650 |
_aENGLISH STORY _zLONDON |
||
| 942 | _cBK | ||
| 999 |
_c7305 _d7305 |
||